[Event "AUTO-BEG-460"]
[Site "http://www.queenalice.com/game.php?id=894261"]
[Date "2011.2.1"]
[Round "1"]
[White "Newton"]
[Black "Nachgeburt888"]
[Result "1-0"]
[WhiteElo "1301"]
[BlackElo "1293"]

1. e4 e5 2. Nf3 Nf6 3. Nxe5 Nxe4 4. Qe2 Ng5 5. Nc6+ Qe7 6. Nxe7 Bxe7 7. Nc3 Ne6
8. g3 Nd4 9. Qd3 Ndc6 10. Bg2 Na6 11. a3 Nc5 12. Qe3 d5 13. Bxd5 1-0

[Event "AUTO-BEG-460"]
[Site "http://www.queenalice.com/game.php?id=894262"]
[Date "2011.2.1"]
[Round "1"]
[White "Nachgeburt888"]
[Black "Newton"]
[Result "0-1"]
[WhiteElo "1275"]
[BlackElo "1317"]

1. e4 e5 2. Qh5 Nc6 3. Bc4 g6 4. Qf3 Nf6 5. d3 Nd4 6. Qe3 Nxc2+ 7. Ke2 Nxe3 8.
Bxe3 Bg7 9. Bg5 O-O 10. Nf3 d6 11. Nc3 c6 12. Rhd1 Qb6 13. Na4 Qd8 0-1

[Event "AUTO-BEG-461"]
[Site "http://www.queenalice.com/game.php?id=896765"]
[Date "2011.2.6"]
[Round "1"]
[White "Nachgeburt888"]
[Black "Ralfostarr"]
[Result "0-1"]
[WhiteElo "1320"]
[BlackElo "1430"]

1. e4 e5 2. Qf3 Qe7 3. Bc4 Nh6 4. d3 f6 5. Nc3 d6 6. Nd5 Qd7 7. Nxf6+ gxf6 8.
Qxf6 Bg7 9. Qf3 b5 10. Bb3 a5 11. Bxh6 Bxh6 12. Bd5 c6 13. Bf7+ Qxf7 0-1

[Event "AUTO-BEG-461"]
[Site "http://www.queenalice.com/game.php?id=896766"]
[Date "2011.2.6"]
[Round "1"]
[White "Ralfostarr"]
[Black "Nachgeburt888"]
[Result "1-0"]
[WhiteElo "1442"]
[BlackElo "1306"]

1. e4 e5 2. Nf3 Qf6 3. g4 Qc6 4. Nxe5 Qxe4+ 5. Qe2 Qxh1 6. f3 f6 7. Ng6+ Ne7 8.
Nxh8 g6 9. d4 Bg7 10. Nxg6 hxg6 11. Be3 f5 12. gxf5 gxf5 13. Kd2 d5 14. Bg5 Bf8
15. h3 Qg1 16. h4 1-0

[Event "AUTO-BEG-461"]
[Site "http://www.queenalice.com/game.php?id=896767"]
[Date "2011.2.6"]
[Round "1"]
[White "Nachgeburt888"]
[Black "saida"]
[Result "0-1"]
[WhiteElo "1234"]
[BlackElo "1434"]

1. e4 e6 2. Qf3 d5 3. Nc3 dxe4 4. Nxe4 Bd6 5. Qc3 Nf6 6. d3 e5 7. Bg5 Nbd7 8.
Nf3 Qe7 9. d4 Bb4 10. Bxf6 Nxf6 11. O-O-O Bxc3 12. Nxc3 exd4 13. Nxd4 O-O 14.
Nd5 Qd6 15. Nxf6+ Qxf6 16. Nb5 Qf4+ 17. Kb1 Bf5 18. Nxc7 Qxc7 0-1

[Event "AUTO-BEG-461"]
[Site "http://www.queenalice.com/game.php?id=896768"]
[Date "2011.2.6"]
[Round "1"]
[White "saida"]
[Black "Nachgeburt888"]
[Result "1-0"]
[WhiteElo "1425"]
[BlackElo "1243"]

1. d4 d5 2. c4 Qd6 3. c5 Qa6 4. e4 Qc6 5. Nc3 Nh6 6. Bb5 Bg4 7. f3 Kd8 8. Bxc6
Nxc6 9. fxg4 e6 10. exd5 exd5 11. Nxd5 Rc8 12. Bxh6 b6 13. Bf4 h5 14. Qf3 Nxd4
15. Qd3 Ne6 16. Bg5+ Nxg5 17. O-O-O Bxc5 18. Nf6+ Ke7 19. Qf5 Ne6 20. Rd7+ 1-0

[Event "AUTO-BEG-461"]
[Site "http://www.queenalice.com/game.php?id=896769"]
[Date "2011.2.6"]
[Round "1"]
[White "Nachgeburt888"]
[Black "Karlozf"]
[Result "0-1"]
[WhiteElo "1253"]
[BlackElo "1403"]

1. e4 c5 2. Bc4 Nc6 3. Qf3 Nf6 4. d3 Nd4 5. Qf4 Nxc2+ 6. Kd1 Nxa1 7. Qf5 a6 8.
Bg5 d5 9. Qe5 dxc4 10. Nf3 Ng4 11. Qxc5 Be6 12. Re1 Qxd3+ 13. Nbd2 c3 14. Qc7
Nxf2+ 15. Kc1 Qc2# 0-1

[Event "AUTO-BEG-461"]
[Site "http://www.queenalice.com/game.php?id=896770"]
[Date "2011.2.6"]
[Round "1"]
[White "Karlozf"]
[Black "Nachgeburt888"]
[Result "0-1"]
[WhiteElo "1228"]
[BlackElo "1224"]

1. d4 e6 2. c4 Bb4+ 3. Nc3 d6 4. Nf3 Qf6 5. a3 Ba5 6. b4 Bb6 7. Ne4 Qf5 8. Ng3
Qg4 9. c5 dxc5 10. dxc5 Bxc5 11. bxc5 Qc4 12. e4 Qc3+ 13. Bd2 Qb2 14. e5 b6 15.
Bc4 Nh6 16. Rb1 Qxd2+ 0-1

[Event "Challenge"]
[Site "http://www.queenalice.com/game.php?id=900787"]
[Date "2011.2.15"]
[Round "-"]
[White "Nachgeburt888"]
[Black "ArneBausH"]
[Result "0-1"]
[WhiteElo "1224"]
[BlackElo "1538"]

1. e3 e6 2. Bb5 Qg5 3. Qf3 Qxb5 4. Nc3 Qc5 5. Ne4 Qxc2 6. Nc3 b6 7. Qxa8 Ba6 8.
Qxb8+ Ke7 9. Qxa7 Qd3 10. Qxc7 Qf1# 0-1

[Event "Challenge"]
[Site "http://www.queenalice.com/game.php?id=900789"]
[Date "2011.2.15"]
[Round "-"]
[White "ArneBausH"]
[Black "Nachgeburt888"]
[Result "0-1"]
[WhiteElo "1577"]
[BlackElo "1240"]

1. e3 Nf6 2. c3 Nc6 3. Nh3 Ne4 4. Qf3 Nd6 5. b3 Ne5 6. Qd5 f6 7. d4 c6 8. Qc5 b6
9. Qa3 a6 10. dxe5 fxe5 11. c4 b5 12. cxb5 Nxb5 13. Bxb5 cxb5 14. b4 d5 15. Bb2
Qd6 16. O-O h5 17. Rd1 Bg4 18. f3 Bf5 19. e4 Bg6 20. Rxd5 Qf6 21. Bxe5 Qh4 22.
Nf4 Qe1# 0-1

[Event "AUTO-OPEN-2363"]
[Site "http://www.queenalice.com/game.php?id=938650"]
[Date "2011.5.16"]
[Round "1"]
[White "Nachgeburt888"]
[Black "forth_generation"]
[Result "0-1"]
[WhiteElo "1269"]
[BlackElo "2364"]

1. Nf3 d5 2. Nd4 c5 3. Nb5 a6 4. N5c3 Nc6 5. Na4 e5 6. e3 Nf6 7. Nbc3 d4 8. Ne2
b5 9. b3 bxa4 10. bxa4 Be7 11. Rb1 O-O 12. Rb6 Qxb6 13. Ba3 Be6 14. Nc1 Rad8 15.
Bd3 c4 0-1

[Event "AUTO-OPEN-2363"]
[Site "http://www.queenalice.com/game.php?id=938651"]
[Date "2011.5.16"]
[Round "1"]
[White "forth_generation"]
[Black "Nachgeburt888"]
[Result "1-0"]
[WhiteElo "2364"]
[BlackElo "1267"]

1. e4 Nc6 2. d4 Nf6 3. e5 Ne4 4. f3 Ng5 5. Bxg5 h6 6. Be3 a6 7. f4 d6 8. d5 Nb4
9. a3 Nxd5 10. Qxd5 Qd7 11. Nc3 e6 12. Qb3 Be7 13. Nf3 Qc6 14. Be2 a5 15. Bb5
Ra6 16. Bxc6+ 1-0

[Event "Challenge"]
[Site "http://www.queenalice.com/game.php?id=941339"]
[Date "2011.5.22"]
[Round "-"]
[White "Nachgeburt888"]
[Black "ElvisCarvalho"]
[Result "0-1"]
[WhiteElo "1236"]
[BlackElo "1229"]

1. Nf3 b5 2. Nc3 c6 3. Ne5 f6 4. Ng4 e5 5. h4 h5 6. Ne3 Bb7 7. Rh3 Nh6 8. b3 a6
9. Ne4 d5 10. Nc5 Bxc5 0-1